Spell the Marvel Hero #77 - Statistics

General Stats
  • This quiz has been taken 17 times
  • The average score is 12 of 13
Answer Stats
Picture Answer % Correct
America Chavez
100%
Captain America
100%
Luke Cage
100%
Nightcrawler
100%
Punisher
100%
Human Torch (Jim Hammond)
91%
Tigra
91%
Black Panther
82%
Blink
82%
Kitty Pryde
82%
Rescue
82%
Armor
73%
Energizer
73%
No matching quizzes found
Score Distribution
Percent of People with Each Score
Percentile by Number Answered
Your Score History
You have not taken this quiz